000 01450nam0a2200361 4500
001 RU\NLR\BIBL_A\022103790
005 20250625122233.0
010 _a978-5-04-178556-7
_92000
035 _a(RuMoRGB)012377724
035 _a(NLR Aleph) 022103790
090 _a12754980
_c12754980
100 _a20231228d2024 |||y0rusy50 ca
101 1 _arus
_ceng
102 _aRU
105 _aac z 001zy
181 0 _ai3
_baxxe
182 0 _an
200 1 _aКак читать костюм
_eпутеводитель по изменчивой мужской моде от эпохи барокко до наших дней
_fЛидия Эдвардс
_g[перевод с английского И. Ю. Крупичевой]
203 _aТекст
_bвизуальный
_cнепосредственный
210 _aМосква
_cОдри
_cЭксмо
_d2024 (печ. 2023)
215 _a235 с.
_cил., цв. ил., портр.
_d29
225 1 _aИстория моды в деталях
320 _aБиблиогр.: с. 213-219 и в примеч.: с. 196-212
320 _aДр. кн. авт. в анот. в конце кн.
320 _aАлф. указ.: с. 234-235
333 _a16+
606 1 _aКостюм мужской
_92111482
_3RU\NLR\AUTH\661579512
686 1 _aЩ126.63(0)
700 1 _aЭдвардс
_bЛ.
_gЛидия
942 _cBOOK
980 _aNB